My best chess games, 1929-1976 /

Bibliographic Details
Main Author: Denker, Arnold S., 1914-2005
Format: Book
Language:English
Published: New York : Dover Publications, 1981.
Edition:Dover ed.
Subjects:

MARC

Tag First Indicator Second Indicator Subfields
LEADER 00000cam a2200000 a 4500
001 in00000072658
005 20151008054559.0
008 811204s1981 nyua 00010 eng
010 |a  80069799  
035 |a (OCoLC)07870892 
035 |9 AAJ1077AM 
039 0 |a 2  |b 3  |c 3  |d 3  |e 3 
040 |a DLC  |c DLC  |d TXA  |d UtOrBLW 
043 |a 0486240355 
049 |a TXAM  |c [1361457] 
050 0 0 |a GV1439.D39  |b A35 1981 
082 0 |a 794.1/59  |2 19 
100 1 |a Denker, Arnold S.,  |d 1914-2005. 
245 1 0 |a My best chess games, 1929-1976 /  |c Arnold S. Denker. 
250 |a Dover ed. 
264 1 |a New York :  |b Dover Publications,  |c 1981. 
300 |a xvi, 208 pages :  |b illustrations ;  |c 21 cm. 
336 |a text  |b txt  |2 rdacontent 
337 |a unmediated  |b n  |2 rdamedia 
338 |a volume  |b nc  |2 rdacarrier 
500 |a Enlarged edition of: If you must play chess,1947. 
600 1 0 |a Denker, Arnold S.,  |d 1914-2005. 
650 0 |a Chess  |v Collections of games. 
999 |a MARS 
999 f f |s ac90372d-c121-304c-ad05-48865c93f544  |i a76cd0eb-e2d2-3100-9c71-1264ade4cb38  |t 0 
952 f f |p ric  |a Texas A&M University  |b Rellis Campus  |c Joint Library Facility  |d Remote Storage  |t 0  |e GV1439.D39 A35 1981  |h Library of Congress classification  |i unmediated -- volume  |m A14806117438 
998 f f |a GV1439.D39 A35 1981  |t 0  |l Remote Storage